Chemical fundamentals of geology (Record no. 79294)
[ view plain ]
| 000 -LEADER | |
|---|---|
| fixed length control field | 00847nam a2200181 a 4500 |
| 008 - FIXED-LENGTH DATA ELEMENTS--GENERAL INFORMATION | |
| fixed length control field | 120416s1989 xx |||||||||||||| || u |
| 050 ## - LIBRARY OF CONGRESS CALL NUMBER | |
| Classification number | QD 39.2 Gil |
| 100 ## - MAIN ENTRY--PERSONAL NAME | |
| Personal name | Gill, Robin |
| 245 10 - TITLE STATEMENT | |
| Title | Chemical fundamentals of geology |
| 260 ## - PUBLICATION, DISTRIBUTION, ETC. | |
| Date of publication, distribution, etc. | 1989 |
| 300 ## - PHYSICAL DESCRIPTION | |
| Extent | : ill. |
| 350 ## - | |
| -- | 0.00 |
| 650 ## - SUBJECT ADDED ENTRY--TOPICAL TERM | |
| Topical term or geographic name entry element | CHEMICAL GEOLOGY |
| 650 #0 - SUBJECT ADDED ENTRY--TOPICAL TERM | |
| Topical term or geographic name entry element | CHEMISTRY--HANDBOOKS, MANUALS, ETC |
| 995 ## - | |
| -- | ANNEX COLLECTION (Main Library) |
| -- | 0.00 |
| -- | 721539 |
| -- | CBU-MAIN LIBRARY (Kitwe) |
| -- | 1 |
| -- | 60.00 |
| -- | QD 39.2 Gil |
| -- | 1 |
| -- | AVAILABLE |
| -- | 020307 |
| -- | Annex Low-Usage Collection |
| 995 ## - | |
| -- | ANNEX COLLECTION (Main Library) |
| -- | 0.00 |
| -- | 721538 |
| -- | CBU-MAIN LIBRARY (Kitwe) |
| -- | 2 |
| -- | 60.00 |
| -- | QD 39.2 Gil |
| -- | 2 |
| -- | AVAILABLE |
| -- | 024073 |
| -- | Annex Low-Usage Collection |
| 995 ## - | |
| -- | ANNEX COLLECTION (Main Library) |
| -- | 0.00 |
| -- | 721540 |
| -- | CBU-MAIN LIBRARY (Kitwe) |
| -- | 3 |
| -- | 60.00 |
| -- | QD 39.2 Gil |
| -- | 3 |
| -- | AVAILABLE |
| -- | 54089 |
| -- | Annex Low-Usage Collection |
| 999 ## - | |
| -- | 79294 |
| -- | 79294 |
No items available.